|
|
|
|
| LEADER |
01142pam a22003018a 4500 |
| 001 |
00022682 |
| 005 |
20171026081022.0 |
| 008 |
110601s1981 ||||||Viesd |
| 041 |
0 |
# |
|a Vie
|
| 082 |
1 |
# |
|b Đ301L
|a 551.071
|
| 100 |
0 |
# |
|a Subev, L.P
|
| 245 |
0 |
0 |
|a Địa lí tự nhiên đại cương
|c L.P.Subaev;Người dịch : Đào Trọng Năng, Trịnh Nghĩa Uông
|n T.2
|b Sách dùng cho các trường ĐHSP và CĐSP
|
| 260 |
# |
# |
|a H.
|b Giáo dục
|c 1981
|
| 300 |
# |
# |
|a 178 tr.
|c 21 cm.
|
| 650 |
# |
7 |
|a Giáo trình
|
| 650 |
# |
7 |
|a Địa lý tự nhiên
|
| 653 |
# |
# |
|a Khí hậu
|
| 653 |
# |
# |
|a Trái đất
|
| 653 |
# |
# |
|a Khí quyển
|
| 700 |
0 |
# |
|a Trịnh Nghĩa Uông
|e dịch
|
| 700 |
0 |
# |
|a Đào Trọng Năng
|e dịch
|
| 852 |
# |
# |
|b Kho giáo trình
|j KGT.0024386, KGT.0024387, KGT.0024388, KGT.0024389
|
| 852 |
# |
# |
|b Kho mượn
|j KGT.0024386
|
| 852 |
# |
# |
|j KD.0009963
|j KGT.0024386
|j KGT.0024387
|j KGT.0024389
|j KGT.0024388
|
| 852 |
# |
# |
|b Kho đọc
|j KD.0009963
|
| 910 |
# |
# |
|a nhnam
|d 01/06/2011
|
| 980 |
# |
# |
|a Trung tâm Học liệu Lê Vũ Hùng, Trường Đại học Đồng Tháp
|